Catàleg del Col·legi de Periodistes de Catalunya

Cien casos (Registre núm. 6949)

000 -CABECERA
Longitud fija campo de control 00777nam a22002177a 4500
003 - IDENTIFICADOR DEL NÚMERO DE CONTROL
Identificador del número de control OSt
005 - FECHA Y HORA DE LA ÚLTIMA TRANSACCIÓN
Fecha y hora de la última transacción 20160707182148.0
008 - CÓDIGOS DE INFORMACIÓN DE LONGITUD FIJA
Códigos de información de longitud fija 160707s2016 spc 000 0dspa|d
017 ## - NÚMERO DE COPYRIGHT O DE DEPÓSITO LEGAL
Número de copyright o de depósito legal DL B 11423-2016
Agencia que asigna el número Biblioteca de Catalunya
020 ## - NÚMERO INTERNACIONAL NORMALIZADO PARA LIBROS
Número Internacional Normalizado para Libros (ISBN) 9788447539925
040 ## - FUENTE DE LA CATALOGACIÓN
Lengua de catalogación cat
Centro transcriptor CDMR
100 1# - PUNTO DE ACCESO PRINCIPAL-NOMBRE DE PERSONA
Nombre de persona Jiménez, Roger,
Fechas asociadas al nombre 1938-
245 10 - MENCIÓN DE TÍTULO
Título Cien casos
Resto del título : la ética periodística en tiempos de precariedad
Mención de responsabilidad, etc. Roger Jiménez ; prólogo de Manuel Legueniche
260 ## - PUBLICACIÓN, DISTRIBUCIÓN, ETC. (PIE DE IMPRENTA)
Lugar de publicación, distribución, etc. Barcelona :
Nombre del editor, distribuidor, etc. Universitat de Barcelona,
Fecha de publicación, distribución, etc. DL 2016
300 ## - DESCRIPCIÓN FÍSICA
Extensión 299 p. ;
Dimensiones 24 cm
490 1# - MENCIÓN DE SERIE
Mención de serie Periodismo activo ;
Designación de volumen o secuencia 8
504 ## - NOTA DE BIBLIOGRAFÍA, ETC
Nota de bibliografía, etc. Referències bibliogràfiques
650 07 - PUNTO DE ACCESO ADICIONAL DE MATERIA - TÉRMINO DE MATERIA
Término de materia o nombre geográfico como elemento inicial Ètica periodística
Subdivisión geográfica Espanya
Subdivisión cronológica S. XXI
Subdivisión de materia general Estudi de casos
Fuente del encabezamiento o término lemac
9 (RLIN) 983
700 1# - PUNTO DE ACCESO ADICIONAL - NOMBRE DE PERSONA
Nombre de persona Leguineche, Manuel
Fechas asociadas al nombre 1941-2014,
Término indicativo de función pr.
9 (RLIN) 1789
942 ## - ENTRADA DE ELEMENTOS AGREGADOS (KOHA)
Koha [por defecto] tipo de item Monografies
Fons
Suprimido Perdido Estropeado No para préstamo Localización permanente Localización actual Fecha adquisición Fuente de adquisición Coste, precio normal de compra Préstamos totales Renovaciones totales Signatura completa Código de barras Fecha última consulta Fecha último préstamo Coste, precio reemplazado Fecha del precio de reemplazo Tipo de item de Koha
        Centre de Documentació Montserrat Roig Centre de Documentació Montserrat Roig 2016-07-07 Intercanvi 22.00 11 10 Ci 1/56 CDMR16070003 2018-02-12 2018-01-11 22.00 2016-07-07 Monografies

Implantat amb Koha